History General Knowledge - Statistics

General Stats
  • This quiz has been taken 25 times
  • The average score is 12 of 20
Answer Stats
Hint Answer % Correct
3) What Macedonian ruler expanded theGreek empire and is considered one of the greatest military leaders? Alexander
92%
17) What teenage French woman famously defendedFrance from an English attack at Orleans? Joan of Arc
83%
12) What famous composer was born in Salzburg,Austria in 1756? Mozart
83%
6) Where did Napoleon meet his final defeatin 1815? Waterloo
83%
7) What Carthaginian general famously crossedthe high Alps to surprise the Romans from the north? Hannibal
79%
8) For what country did Columbus sail for, despitebeing Genoese? Spain
79%
15) What teenage pharaohs tomb laid undiscoveredfor over 3200 years until 1922? Tutankhamun
79%
14) What Greek/Egyptian pharaoh was famously connected with Julius Caesar and Mark Antony? Cleopatra
75%
18) What Portuguese navigator is credited withthe first circumnavigation of the globe? Ferdinand Magellan
75%
20) Who was assassinated in Sarajevo in 1914,jumpstarting WW1? Franz Ferdinand
75%
4) What US city was burned by British forcesduring the War of 1812 in retaliation of the attack on York? Washington DC
63%
16) What conquistador captured the Aztec capitalof Tenochtitlan in 1521? Hernan Cortes
54%
19) Which state is synonymous with Abraham Lincolndue to his long work there as a lawyer? Illinois
46%
9) Who set out into the Massachusetts countrysidein 1775, warning of the British invasion, made famous in the Midnight Ride Paul Revere
46%
10) In what building was Lincoln shot in on the nightof April 14, 1865? Fords Theater
38%
2) What famous battle pitted an outnumberedSpartan force against a massive Persian army? Thermopylae
38%
13) What icy river did General Washington cross tosurprise the Hessian force at Trenton? Delaware
33%
5) What indigenous woman is said to have ledLewis and Clark on their journey to the Pacific? Sacagawea
33%
1) Who defeated Harold Godwinsonat Hastings in 1066, earning the title "Conquerer"? William I
33%
11) What famous slogan did Booth yell after theshooting of president Lincoln in the above? Sic Semper Tyrannis
17%
No matching quizzes found
Score Distribution
Percent of People with Each Score
Percentile by Number Answered
Your Score History
You have not taken this quiz